C # 2005 with net 3.00 framework in simple steps (Record no. 144777)
[ view plain ]
| 000 -LEADER | |
|---|---|
| fixed length control field | 00386nam a2200145Ia 4500 |
| 008 - FIXED-LENGTH DATA ELEMENTS--GENERAL INFORMATION | |
| fixed length control field | 230917s9999||||xx |||||||||||||| ||und|| |
| 040 ## - CATALOGING SOURCE | |
| -- | 123362 |
| Original cataloging agency | VIVEKANANDA LIBRARY |
| 041 ## - Language | |
| -- | English |
| 082 ## - DDC NUMBER | |
| Classification number | 005.133 C89C |
| 100 ## - MAIN ENTRY--PERSONAL NAME | |
| Personal name | Inc. Kogent Solutions |
| 245 #0 - TITLE STATEMENT | |
| Title | C # 2005 with net 3.00 framework in simple steps |
| 260 ## - PUBLICATION, DISTRIBUTION, ETC. (IMPRINT) | |
| Place of publication, distribution, etc | New Delhi |
| Name of publisher, distributor, etc | Dreamtech Press |
| Date of publication, distribution, etc | 2008 |
| 300 ## - PHYSICAL DESCRIPTION | |
| Pages | 326 p. |
| 942 ## - ADDED ENTRY ELEMENTS (KOHA) | |
| Koha item type | Books |
| Withdrawn status | Lost status | Damaged status | Not for loan | Location (home branch) | Sublocation or collection (holding branch) | Date acquired | Koha issues (times borrowed) | Koha full call number | Accession No. | Koha date last seen | Koha item type | Shelving location |
|---|---|---|---|---|---|---|---|---|---|---|---|---|
| VIVEKANANDA LIBRARY | VIVEKANANDA LIBRARY | 26/05/2009 | 005.133 C89C | 258171 | 17/09/2023 | Books | ||||||
| VIVEKANANDA LIBRARY | VIVEKANANDA LIBRARY | 26/05/2009 | 005.133 C89C | 258172 | 17/09/2023 | Books | UIET Library | |||||
| VIVEKANANDA LIBRARY | VIVEKANANDA LIBRARY | 26/05/2009 | 1 | 005.133 C89C | 258173 | 17/04/2025 | Books | UIET Library | ||||
| VIVEKANANDA LIBRARY | VIVEKANANDA LIBRARY | 26/05/2009 | 005.133 C89C | 258174 | 17/09/2023 | Books | UIET Library | |||||
| VIVEKANANDA LIBRARY | VIVEKANANDA LIBRARY | 26/05/2009 | 005.133 C89C | 258175 | 17/09/2023 | Books | UIET Library |
